Chuyện cũ Hà Nội

Bewaard in:
Bibliografische gegevens
Hoofdauteur: Tô Hoài
Formaat: Boek
Taal:Undetermined
Gepubliceerd in: Thành phố Hồ Chí Minh Trẻ 2004
Onderwerpen:
Tags: Voeg label toe
Geen labels, Wees de eerste die dit record labelt!
Thư viện lưu trữ: Trung tâm Học liệu Trường Đại học Cần Thơ
LEADER 00582nam a2200205Ia 4500
001 CTU_92329
008 210402s9999 xx 000 0 und d
020 |c 54000 
082 |a 895.922331 
082 |b T450/T.2 
100 |a Tô Hoài 
245 0 |a Chuyện cũ Hà Nội 
245 0 |c Tô Hoài 
260 |a Thành phố Hồ Chí Minh 
260 |b Trẻ 
260 |c 2004 
650 |a Vietnamese fiction,Vietnamese literature 
650 |y 20th century 
904 |i Mai Loan, Tuyen, Trong Hieu 
980 |a Trung tâm Học liệu Trường Đại học Cần Thơ